00688 2200253 4500001002100000005001500021035002000036007000300056008004100059082001400100084001600114100001600130245007900146260004100225300002500266500003000291650002200321040001700343090001800360850001200378041000800390990001800398990001800416INLIS00000000081654520180830064515 a0010-0818001195ta180830 g 0 dut 04223a339.5 a339.5 JON w1 aJonkers, A.1 aWelvaartzorg in indonesie :been geschiedenis en perspectief /cA. Jonkers3 a's-Gravenhage :bW. Van Hoeve,c1948 a261 halaman ;c25 cm aTeks dalam bahasa Belanda 4aKebijakan Ekonomi aYOPDYOGbind aL 339.5 JON w aYOPDYOG0 adut a60404-PD/A.18 a60314-PD/A.18